00553nam a2200169Ia 450000500170000000800410001702000150005808200130007310000240008624500210011026000400013130000130017150000800018494200060026495200980027099900150036820250613023118.0240331s9999 xx 000 0 und d a9552075645 bJAYa307 aJayawardena,H.V.P.S 0aGami jana wahara aColombobS. Godage & Brothersc2005 a200 p ., aRural People are slaves- A collection of words Selected from the vernacular cL 001040708LaWERCLbWERCLcSSCd2024-03-31l0o 307.72 JAYp6214r2024-03-31w2024-03-31yL c5080d5080